000 00521nam a2200193Ia 4500
003 LK-CoDNM
008 010623t1964 xxu||||| |||| 00| 1 sin d
040 _aLK-CoDNM
_dLK-CoDNM
_eLK-CoDNM
041 _asin
080 _a8 C 9 12/13 SIN
100 _aWijerathne, R.
_eed.
245 _aසිංහල බෝධිවංශය
246 _aSinhala bodhiwanshaya
260 _bSwabhasha publication
_aColombo
_c1964
300 _b(x)320, 18 cm
650 _aBuddhist culture
650 _aLiterature
942 _cBK
999 _c106753
_d106753